[Event "Bad Woerishofen Sen"]
[Site "Bad Woerishofen"]
[Date "2001.??.??"]
[Round "1"]
[White "Josting, Friedel"]
[Black "Michalowski, Richard"]
[Result "1-0"]
[WhiteElo "1820"]
[BlackElo "1616"]
[Annotator "ChessOrg"]
[PlyCount "53"]
[EventDate "1998.03.05"]
[Source "ChessBase"]
[SourceDate "1998.04.29"]

1. Nf3 d5 2. d4 Nf6 3. Bf4 b6 4. Nbd2 Bb7 5. e3 e6 6. Bd3 Bd6 7. Ne5 Nbd7 8.
Qe2 Qe7 9. O-O-O O-O 10. g4 Ne4 11. f3 Nxd2 12. Qxd2 f6 13. Nxd7 Qxd7 14. c3 e5
15. Bg3 g6 16. Kb1 c5 17. dxc5 bxc5 18. e4 Rfd8 19. g5 Qf7 20. gxf6 Qxf6 21.
Qe2 Rab8 22. Rhf1 g5 23. exd5 Bxd5 24. Bxh7+ Kxh7 25. Rxd5 Re8 26. Qd3+ Kg7 27.
Rxd6 1-0

[Event "Bad Woerishofen Sen"]
[Site "Bad Woerishofen"]
[Date "2001.??.??"]
[Round "3"]
[White "Josting, Friedel"]
[Black "Igney, Volkhard"]
[Result "0-1"]
[WhiteElo "1820"]
[BlackElo "2180"]
[Annotator "ChessOrg"]
[PlyCount "60"]
[EventDate "1998.03.05"]
[Source "ChessBase"]
[SourceDate "1998.04.29"]

1. Nf3 Nf6 2. d4 d5 3. Bf4 e6 4. Nbd2 c5 5. e3 Qb6 6. Rb1 Nbd7 7. c3 Bd6 8. Ne5
Qc7 9. Ndf3 Nh5 10. Nxd7 Nxf4 11. Nxc5 Bxc5 12. dxc5 Ng6 13. b4 O-O 14. Qd2 b6
15. cxb6 axb6 16. Be2 Ra3 17. Rc1 Bd7 18. O-O Rfa8 19. c4 Rxa2 20. cxd5 Qd6 21.
Rc2 Rxc2 22. Qxc2 Qxd5 23. Rd1 Ba4 24. Rxd5 Bxc2 25. Rd6 Ra1+ 26. Bf1 Kf8 27.
g3 Ke7 28. Rd4 e5 29. Rd2 Be4 30. Kg2 Bxf3+ 0-1

[Event "Bad Woerishofen Sen"]
[Site "Bad Woerishofen"]
[Date "2001.??.??"]
[Round "5"]
[White "Josting, Friedel"]
[Black "Garbe, Heinz"]
[Result "1-0"]
[WhiteElo "1820"]
[BlackElo "1700"]
[Annotator "ChessOrg"]
[PlyCount "75"]
[EventDate "1998.03.05"]
[Source "ChessBase"]
[SourceDate "1998.04.29"]

1. Nf3 Nf6 2. d4 g6 3. Bf4 d6 4. Nbd2 Bg7 5. e4 Nfd7 6. c3 O-O 7. Bc4 Nb6 8.
Bb3 Bg4 9. h3 Bxf3 10. Nxf3 N8d7 11. O-O e5 12. Bg5 Qe8 13. Re1 h6 14. Bh4 Kh7
15. g4 f6 16. a4 a5 17. Qe2 Ra7 18. Rac1 Nb8 19. Qd1 N8d7 20. Kg2 Qe7 21. Qe2
Rc8 22. Rcd1 c5 23. dxe5 dxe5 24. Nd2 Rc7 25. Nc4 Nxc4 26. Qxc4 Ra8 27. Qb5 Nb8
28. Rd5 g5 29. Bg3 Bf8 30. Red1 Nc6 31. Qc4 Qg7 32. Rd7 Rxd7 33. Rxd7 Be7 34.
Rxb7 Ra7 35. Rxa7 Nxa7 36. Qa6 Bd8 37. Bd5 Qe7 38. Bb7 1-0

[Event "Bad Woerishofen Sen"]
[Site "Bad Woerishofen"]
[Date "2001.??.??"]
[Round "6"]
[White "Josting, Friedel"]
[Black "Wegener, Hans-Karl"]
[Result "1/2-1/2"]
[WhiteElo "1820"]
[BlackElo "2089"]
[Annotator "ChessOrg"]
[PlyCount "31"]
[EventDate "1998.03.05"]
[Source "ChessBase"]
[SourceDate "1998.04.29"]

1. Nf3 Nf6 2. d4 c5 3. c3 cxd4 4. cxd4 Nc6 5. Nc3 d6 6. Bf4 e6 7. e3 Be7 8. h3
Qa5 9. Nd2 a6 10. Be2 Nd5 11. Nxd5 Qxd5 12. O-O e5 13. dxe5 dxe5 14. Bg3 O-O
15. Nc4 Qxd1 16. Rfxd1 1/2-1/2

[Event "Bad Woerishofen Sen"]
[Site "Bad Woerishofen"]
[Date "2001.??.??"]
[Round "8"]
[White "Josting, Friedel"]
[Black "Gudat, Alfons"]
[Result "0-1"]
[WhiteElo "1820"]
[BlackElo "2051"]
[Annotator "ChessOrg"]
[PlyCount "158"]
[EventDate "1998.03.05"]
[Source "ChessBase"]
[SourceDate "1998.04.29"]

1. Nf3 c5 2. c3 Nf6 3. d4 e6 4. Bf4 d5 5. e3 Nbd7 6. Nbd2 Be7 7. h3 O-O 8. Bd3
a6 9. a4 b6 10. O-O Bb7 11. Qe2 Ne4 12. g4 f5 13. Ne5 Nxe5 14. Bxe5 Bd6 15.
Bxd6 Nxd6 16. f3 Qh4 17. Qg2 g6 18. Kh2 f4 19. exf4 Rxf4 20. Qe2 Nf7 21. dxc5
Ng5 22. Qg2 bxc5 23. Qg3 Qxg3+ 24. Kxg3 e5 25. h4 Nf7 26. Rfe1 c4 27. Bc2 Bc6
28. b4 cxb3 29. Bxb3 Rb8 30. c4 d4 31. Rab1 Rd8 32. c5 Bd5 33. Bxd5 Rxd5 34.
Rec1 d3 35. c6 Nd6 36. c7 Rf8 37. Rc6 Nc8 38. Rb8 Kf7 39. Kf2 Ke7 40. Ke3 Kd7
41. Rc3 Rf4 42. Rxd3 Rxd3+ 43. Kxd3 Kxc7 44. Rb3 Rxa4 45. Nc4 Nd6 46. Nxe5 Nb5
47. Ke3 Kd6 48. Nf7+ Ke7 49. Ng5 h6 50. Ne4 Ra3 51. Rxa3 Nxa3 52. Nc5 Nc2+ 53.
Kd3 Nb4+ 54. Kc4 a5 55. Kb5 Kd6 56. Ne4+ Kd5 57. Kxa5 Nc6+ 58. Kb6 Nd4 59. g5
h5 60. Nd2 Nf5 61. Kc7 Nxh4 62. Kd7 Ke5 63. Ke7 Kf4 64. Ke6 Nxf3 65. Nxf3 Kxf3
66. Kf6 h4 67. Kxg6 h3 68. Kf7 h2 69. g6 h1=Q 70. g7 Qh5+ 71. Kf8 Qf5+ 72. Ke7
Qg6 73. Kf8 Qf6+ 74. Kg8 Kg4 75. Kh7 Qh4+ 76. Kg8 Kf5 77. Kf7 Qh7 78. Kf8 Kf6
79. g8=Q Qe7# 0-1

[Event "Bad Woerishofen Sen"]
[Site "Bad Woerishofen"]
[Date "2001.??.??"]
[Round "1"]
[White "Kahler, Kurt"]
[Black "Igney, Volkhard"]
[Result "0-1"]
[WhiteElo "1740"]
[BlackElo "2180"]
[Annotator "ChessOrg"]
[PlyCount "60"]
[EventDate "1998.03.05"]
[Source "ChessBase"]
[SourceDate "1998.04.29"]

1. e4 c6 2. d3 d5 3. Nd2 Nd7 4. g3 Ngf6 5. Bg2 e5 6. Ngf3 Bd6 7. O-O O-O 8. Re1
Re8 9. Nf1 dxe4 10. dxe4 Nc5 11. Nh4 Qc7 12. Bg5 Be7 13. Qe2 Ne6 14. Be3 Nd4
15. Bxd4 exd4 16. Qd3 Qb6 17. Rab1 Be6 18. e5 Nd5 19. a3 Bxh4 20. Bxd5 Bxd5 21.
gxh4 Ba2 22. Rbd1 Qxb2 23. Qxd4 Qxc2 24. Re3 Qc4 25. Qxc4 Bxc4 26. Rd7 Rad8 27.
e6 fxe6 28. Rxb7 Rd1 29. Rg3 g6 30. h5 Bxf1 0-1

[Event "Bad Woerishofen Sen"]
[Site "Bad Woerishofen"]
[Date "2001.??.??"]
[Round "3"]
[White "Kahler, Kurt"]
[Black "Moeckel, Edgar"]
[Result "1/2-1/2"]
[WhiteElo "1740"]
[BlackElo "2087"]
[Annotator "ChessOrg"]
[PlyCount "43"]
[EventDate "1998.03.05"]
[Source "ChessBase"]
[SourceDate "1998.04.29"]

1. e4 g6 2. f4 Bg7 3. d4 c5 4. c3 cxd4 5. cxd4 Qb6 6. Nf3 Nc6 7. e5 d5 8. Nc3
Bg4 9. Nxd5 Qd8 10. Bc4 e6 11. Ne3 Bxf3 12. Qxf3 Qxd4 13. O-O Nge7 14. Rd1 Qb6
15. Qe4 O-O 16. Kh1 Rfd8 17. Bb3 Rxd1+ 18. Nxd1 Rd8 19. Be3 Qa5 20. Nc3 Nf5 21.
Rd1 Rxd1+ 22. Bxd1 1/2-1/2

[Event "Bad Woerishofen Sen"]
[Site "Bad Woerishofen"]
[Date "2001.??.??"]
[Round "5"]
[White "Kahler, Kurt"]
[Black "Buesdorf, Konrad"]
[Result "1-0"]
[WhiteElo "1740"]
[BlackElo "1901"]
[Annotator "ChessOrg"]
[PlyCount "83"]
[EventDate "1998.03.05"]
[Source "ChessBase"]
[SourceDate "1998.04.29"]

1. e4 e5 2. f4 exf4 3. Nf3 g5 4. h4 g4 5. Ne5 h5 6. d4 Qf6 7. Bc4 Rh7 8. Nc3
Bb4 9. Bd2 Bxc3 10. Bxc3 d6 11. Nd3 Nc6 12. Bb5 Bd7 13. Bxc6 bxc6 14. Qd2 f3
15. O-O-O O-O-O 16. gxf3 gxf3 17. Qf2 Kb8 18. Nb4 Qf4+ 19. Bd2 Qxe4 20. Rhe1
Qf5 21. Re3 a5 22. Rxf3 Qg6 23. Na6+ Kc8 24. Rb3 Be6 25. Rg1 Bg4 26. Bxa5 f6
27. d5 c5 28. Qf1 Qe4 29. Rb8+ Kd7 30. Qb5+ Ke7 31. Re1 Qxe1+ 32. Bxe1 Nh6 33.
Rxd8 Kxd8 34. Nb8 Bc8 35. Nc6+ Kd7 36. Ne5+ Ke7 37. Qb8 fxe5 38. Qxc8 Kf6 39.
Qe6+ Kg7 40. Bd2 Ng4 41. Bg5 Kf8 42. Qc8+ 1-0

[Event "Bad Woerishofen Sen"]
[Site "Bad Woerishofen"]
[Date "2001.??.??"]
[Round "7"]
[White "Kahler, Kurt"]
[Black "Scheidt, Eugen"]
[Result "1/2-1/2"]
[WhiteElo "1740"]
[BlackElo "1927"]
[Annotator "ChessOrg"]
[PlyCount "47"]
[EventDate "1998.03.05"]
[Source "ChessBase"]
[SourceDate "1998.04.29"]

1. e4 e6 2. d3 d5 3. Nd2 c5 4. Ngf3 Nc6 5. g3 g6 6. Bg2 Bg7 7. O-O Nge7 8. Re1
O-O 9. e5 Qc7 10. Qe2 Nb4 11. Nf1 h6 12. c3 Nbc6 13. h4 b5 14. N1h2 b4 15. Ng4
Kh7 16. Bf4 Qb6 17. Qd2 Ng8 18. c4 dxc4 19. dxc4 Ba6 20. Qc2 Rad8 21. h5 Nd4
22. Nxd4 Rxd4 23. b3 Bb7 24. Rad1 1/2-1/2

[Event "Bad Woerishofen Sen"]
[Site "Bad Woerishofen"]
[Date "2001.??.??"]
[Round "9"]
[White "Kahler, Kurt"]
[Black "Kraemer, Marianne"]
[Result "1-0"]
[WhiteElo "1740"]
[BlackElo "1500"]
[Annotator "ChessOrg"]
[PlyCount "59"]
[EventDate "1998.03.05"]
[Source "ChessBase"]
[SourceDate "1998.04.29"]

1. e4 e6 2. d3 d6 3. f4 Be7 4. Nf3 b6 5. Be3 Bb7 6. e5 dxe5 7. fxe5 c5 8. Be2
Nc6 9. c3 Qc7 10. O-O Nxe5 11. Nxe5 Qxe5 12. Bf4 Qd5 13. Bf3 Qd7 14. Nd2 Nf6
15. Nc4 Bxf3 16. Qxf3 Qd5 17. Qe2 Rd8 18. Rf3 Qh5 19. Raf1 O-O 20. Qe1 Qd5 21.
Be5 b5 22. Nd2 Rd7 23. Bxf6 Bxf6 24. Rxf6 gxf6 25. Ne4 Qxd3 26. Nxf6+ Kg7 27.
Qe5 Rg8 28. Nxd7+ Kh6 29. Qf4+ Rg5 30. Qh4+ 1-0

[Event "Bad Woerishofen Sen"]
[Site "Bad Woerishofen"]
[Date "2001.??.??"]
[Round "2"]
[White "Kaiser, Hans"]
[Black "Marzluf, Dieter"]
[Result "1/2-1/2"]
[WhiteElo "1681"]
[BlackElo "1811"]
[Annotator "ChessOrg"]
[PlyCount "61"]
[EventDate "1998.03.05"]
[Source "ChessBase"]
[SourceDate "1998.04.29"]

1. e4 e6 2. d4 d5 3. Nc3 c6 4. Nf3 Bb4 5. e5 Nd7 6. a3 Ba5 7. b4 Bc7 8. Bd3 h6
9. O-O Ne7 10. Ne2 O-O 11. h4 Nf5 12. h5 f6 13. g4 Ne7 14. Nf4 Nxe5 15. dxe5
fxe5 16. Ng6 Nxg6 17. Bxg6 e4 18. Bxe4 dxe4 19. Qxd8 Rxd8 20. Nh2 a5 21. Bb2
Rd2 22. Rfe1 Bxh2+ 23. Kxh2 Rxf2+ 24. Kg3 Rxc2 25. Rab1 axb4 26. axb4 Ra2 27.
Be5 Ra3+ 28. Kf4 Rc4 29. Rxe4 b5 30. Rd1 Ra8 31. Rdd4 1/2-1/2

[Event "Bad Woerishofen Sen"]
[Site "Bad Woerishofen"]
[Date "2001.??.??"]
[Round "4"]
[White "Kaiser, Hans"]
[Black "Rogala, Jan"]
[Result "1/2-1/2"]
[WhiteElo "1681"]
[BlackElo "1800"]
[Annotator "ChessOrg"]
[PlyCount "36"]
[EventDate "1998.03.05"]
[Source "ChessBase"]
[SourceDate "1998.04.29"]

1. e4 e6 2. d4 d5 3. Nc3 Bb4 4. a3 Bxc3+ 5. bxc3 dxe4 6. f3 exf3 7. Nxf3 Nf6 8.
Bd3 h6 9. O-O O-O 10. Qe1 b6 11. Ne5 Bb7 12. Qg3 Kh8 13. Bxh6 gxh6 14. Qh4 Kg7
15. Qg3+ Kh8 16. Qh4 Kg7 17. Qg3+ Kh8 18. Qh4 Kg7 1/2-1/2

[Event "Bad Woerishofen Sen"]
[Site "Bad Woerishofen"]
[Date "2001.??.??"]
[Round "7"]
[White "Kaiser, Hans"]
[Black "Turboust, Roger"]
[Result "0-1"]
[WhiteElo "1681"]
[BlackElo "1790"]
[Annotator "ChessOrg"]
[PlyCount "90"]
[EventDate "1998.03.05"]
[Source "ChessBase"]
[SourceDate "1998.04.29"]

1. e4 e5 2. Nc3 Nf6 3. Nf3 Nc6 4. Bb5 d6 5. d4 Bd7 6. d5 Ne7 7. Qd3 Ng6 8. Bg5
Be7 9. O-O O-O 10. Rfe1 Bxb5 11. Nxb5 Nxd5 12. Bxe7 Ndxe7 13. c4 Qd7 14. Nd2 a6
15. Nc3 Nf4 16. Qf1 Neg6 17. f3 c6 18. g3 Nh3+ 19. Kh1 b5 20. Rad1 Qe6 21. b3
bxc4 22. Nxc4 Rad8 23. Ne3 h5 24. Nf5 Ng5 25. h4 Nh7 26. Qxa6 d5 27. Qe2 dxe4
28. Qxe4 Nf6 29. Qc2 Rxd1 30. Rxd1 e4 31. fxe4 Re8 32. Re1 Ne5 33. Qg2 Neg4 34.
Qf3 g6 35. Nd4 Qd7 36. Nde2 Nxe4 37. Nxe4 Rxe4 38. Kg2 Re3 39. Qf1 Qd5+ 40. Kh3
Rf3 41. Qg1 Rf2 42. Nf4 Qd2 43. Ng2 Qd7 44. Rd1 Rd2 45. Rxd2 Nf2+ 0-1

[Event "Bad Woerishofen Sen"]
[Site "Bad Woerishofen"]
[Date "2001.??.??"]
[Round "8"]
[White "Kaiser, Hans"]
[Black "Wicklund-Hansen, Richard"]
[Result "0-1"]
[WhiteElo "1681"]
[BlackElo "2058"]
[Annotator "ChessOrg"]
[PlyCount "110"]
[EventDate "1998.03.05"]
[Source "ChessBase"]
[SourceDate "1998.04.29"]

1. e4 Nc6 2. d4 e5 3. d5 Nce7 4. Nf3 Ng6 5. c4 Nf6 6. Nc3 Bc5 7. h3 d6 8. Be2
O-O 9. O-O Ne8 10. Bg5 f6 11. Be3 Bb6 12. Qd2 f5 13. exf5 Bxf5 14. g4 Bd7 15.
Bg5 Qc8 16. Nh2 Nf4 17. Bxf4 Rxf4 18. Kg2 Nf6 19. f3 h5 20. Kh1 c6 21. Ne4 Nxe4
22. fxe4 Rxe4 23. dxc6 bxc6 24. Bf3 Rd4 25. Qe2 Qd8 26. Rad1 Qh4 27. Qg2 Rf8
28. Rxd4 Bxd4 29. b3 Kh8 30. Be2 Rxf1+ 31. Qxf1 Qf2 32. Qxf2 Bxf2 33. Kg2 Bc5
34. Kf3 hxg4+ 35. Nxg4 Bf5 36. Bd1 Kg8 37. h4 g6 38. Nh6+ Kg7 39. Nxf5+ gxf5
40. Bc2 Kf6 41. h5 Ba3 42. Bd1 Bc1 43. Ke2 c5 44. Kd3 e4+ 45. Kc2 Bg5 46. a3 a5
47. Be2 Ke5 48. Kd1 Kd4 49. Ke1 f4 50. Bd1 Ke3 51. Bg4 f3 52. Kf1 Kf4 53. Be6
e3 54. h6 Bxh6 55. Bd5 Bg5 0-1

[Event "Bad Woerishofen Sen"]
[Site "Bad Woerishofen"]
[Date "2001.??.??"]
[Round "1"]
[White "Kasueschke, Gregor"]
[Black "Hahner, Anton"]
[Result "1-0"]
[WhiteElo "2030"]
[BlackElo "1700"]
[Annotator "ChessOrg"]
[PlyCount "59"]
[EventDate "1998.03.05"]
[Source "ChessBase"]
[SourceDate "1998.04.29"]

1. d4 d5 2. c4 c6 3. cxd5 cxd5 4. Nc3 Nf6 5. Bf4 Nc6 6. e3 e6 7. Bd3 Bd6 8.
Bxd6 Qxd6 9. f4 a6 10. Nf3 Bd7 11. O-O Ng4 12. Qe2 f5 13. h3 Nf6 14. Ne5 O-O
15. g4 Ne4 16. Bxe4 fxe4 17. Rac1 Rac8 18. a3 Na5 19. b4 Nc4 20. Nxe4 dxe4 21.
Nxd7 Qxd7 22. Rxc4 Rxc4 23. Qxc4 Rc8 24. Qb3 Qc6 25. f5 Qd5 26. Qb2 Qc4 27.
fxe6 Qxe6 28. Rf5 Qh6 29. Qb3+ Kh8 30. Kg2 1-0

[Event "Bad Woerishofen Sen"]
[Site "Bad Woerishofen"]
[Date "2001.??.??"]
[Round "3"]
[White "Kasueschke, Gregor"]
[Black "Zoltek, Tadeusz"]
[Result "0-1"]
[WhiteElo "2030"]
[BlackElo "2304"]
[Annotator "ChessOrg"]
[PlyCount "86"]
[EventDate "1998.03.05"]
[Source "ChessBase"]
[SourceDate "1998.04.29"]

1. d4 d5 2. c4 e6 3. Nc3 Nf6 4. cxd5 exd5 5. Bg5 Be7 6. e3 c6 7. Qc2 O-O 8. Bd3
Nbd7 9. Nf3 Re8 10. O-O Nf8 11. Rab1 Ng6 12. b4 a6 13. a4 Ne4 14. Bxe7 Qxe7 15.
Rfe1 Bf5 16. b5 axb5 17. axb5 Ra3 18. Bxe4 dxe4 19. Nd2 Nh4 20. Ne2 Bd7 21. Ng3
cxb5 22. Qxe4 Ra2 23. Qxe7 Rxe7 24. Ndf1 f5 25. Red1 g5 26. d5 f4 27. Nh5 Kf7
28. d6 Re8 29. exf4 Bg4 30. Rd5 Bxh5 31. Rxg5 Be2 32. Ng3 Bd3 33. Rd1 Rd2 34.
Rc1 Rc2 35. Rd1 Rd2 36. Rc1 b4 37. Rd5 b3 38. d7 Rd8 39. Nf1 Rc2 40. Re1 Bxf1
41. Kxf1 b2 42. g3 Rc1 43. Rdd1 b1=Q 0-1

[Event "Bad Woerishofen Sen"]
[Site "Bad Woerishofen"]
[Date "2001.??.??"]
[Round "5"]
[White "Kasueschke, Gregor"]
[Black "Schampel, Arno"]
[Result "1-0"]
[WhiteElo "2030"]
[BlackElo "1755"]
[Annotator "ChessOrg"]
[PlyCount "120"]
[EventDate "1998.03.05"]
[Source "ChessBase"]
[SourceDate "1998.04.29"]

1. d4 d5 2. c4 c6 3. cxd5 cxd5 4. Nc3 Nf6 5. Bf4 a6 6. e3 g6 7. Bd3 Bg7 8. Nf3
Bg4 9. h3 Bxf3 10. Qxf3 Nc6 11. Rc1 Rc8 12. O-O O-O 13. Rfd1 Nb4 14. Bb1 e6 15.
Bg5 Qb6 16. Bxf6 Nc6 17. Bxg7 Kxg7 18. Qe2 Rc7 19. Na4 Qa7 20. Rc3 Rfc8 21.
Rdc1 b5 22. Nc5 Na5 23. b4 Nc4 24. Bd3 a5 25. a3 a4 26. e4 Re7 27. e5 Rce8 28.
Bb1 Qb8 29. Rf3 Qd8 30. Rcc3 Rf8 31. Rf6 Qb8 32. h4 Rc7 33. h5 Rxc5 34. bxc5 b4
35. axb4 Qxb4 36. Rc1 Qa3 37. Rd1 Rb8 38. Rf3 Qb4 39. hxg6 hxg6 40. Rh3 Rh8 41.
Rxh8 Kxh8 42. Ba2 Nb2 43. Rd2 a3 44. Qe3 Nc4 45. Bxc4 dxc4 46. Rd1 a2 47. Qe2
Qb3 48. Ra1 Qb1+ 49. Qd1 Qb2 50. c6 Qb6 51. Rxa2 Qxc6 52. Rc2 Qd5 53. Qd2 Kg7
54. Qc3 Qe4 55. Qxc4 Qe1+ 56. Qf1 Qe4 57. Qd1 Qd5 58. Qd2 Qe4 59. Rc3 Qb1+ 60.
Kh2 Qb4 1-0

[Event "Bad Woerishofen Sen"]
[Site "Bad Woerishofen"]
[Date "2001.??.??"]
[Round "7"]
[White "Kasueschke, Gregor"]
[Black "Panic, Milisav"]
[Result "1-0"]
[WhiteElo "2030"]
[BlackElo "1700"]
[Annotator "ChessOrg"]
[PlyCount "81"]
[EventDate "1998.03.05"]
[Source "ChessBase"]
[SourceDate "1998.04.29"]

1. d4 Nf6 2. c4 e6 3. Nf3 b6 4. e3 Bb7 5. Bd3 d5 6. O-O Nbd7 7. Nc3 Bb4 8. a3
Bxc3 9. bxc3 O-O 10. a4 a5 11. cxd5 exd5 12. Ba3 Re8 13. c4 Ne4 14. Qc2 c5 15.
cxd5 Bxd5 16. Rfc1 Rc8 17. Ba6 Ra8 18. Bb5 Rc8 19. Ne5 cxd4 20. Qxc8 Qxc8 21.
Rxc8 Rxc8 22. Nxd7 dxe3 23. fxe3 Rd8 24. Nxb6 Bb7 25. Nc4 Re8 26. Nd6 Nxd6 27.
Bxd6 Rc8 28. Bf1 Be4 29. Ba3 h6 30. Rc1 Rd8 31. Rc4 f5 32. Rd4 Rc8 33. Bc4+ Kh7
34. Bd6 h5 35. h4 Rc6 36. Kf2 g6 37. Bd3 Bxd3 38. Rxd3 Kg7 39. Rd4 Kf6 40. Bf4
Ke6 41. Kf3 1-0

[Event "Bad Woerishofen Sen"]
[Site "Bad Woerishofen"]
[Date "2001.??.??"]
[Round "9"]
[White "Kasueschke, Gregor"]
[Black "Fleckner, Hans"]
[Result "1-0"]
[WhiteElo "2030"]
[BlackElo "1830"]
[Annotator "ChessOrg"]
[PlyCount "59"]
[EventDate "1998.03.05"]
[Source "ChessBase"]
[SourceDate "1998.04.29"]

1. c4 Nf6 2. Nc3 e6 3. Nf3 d5 4. d4 c6 5. cxd5 exd5 6. Bg5 Be7 7. Qc2 Nbd7 8.
e3 h6 9. Bh4 Ne4 10. Bxe7 Qxe7 11. Bd3 Ndf6 12. O-O O-O 13. Rab1 a5 14. Na4 Nd7
15. Rfe1 Re8 16. a3 Qd6 17. Nd2 Ndf6 18. Nb6 Ng4 19. Nf1 Rb8 20. f3 c5 21. Nxc8
Rbxc8 22. fxe4 dxe4 23. Bb5 Re7 24. Qd1 Nf6 25. dxc5 Qe5 26. b4 Nd5 27. Bc4 Nc3
28. Qg4 Rc6 29. Rbc1 Rg6 30. Qxg6 1-0

[Event "Bad Woerishofen Sen"]
[Site "Bad Woerishofen"]
[Date "2001.??.??"]
[Round "1"]
[White "Keserovic, Milan"]
[Black "Ganslmayer, Herbert"]
[Result "1-0"]
[WhiteElo "2204"]
[BlackElo "1741"]
[Annotator "ChessOrg"]
[PlyCount "21"]
[EventDate "1998.03.05"]
[Source "ChessBase"]
[SourceDate "1998.04.29"]

1. e4 e6 2. d4 f5 3. exf5 exf5 4. Bd3 d5 5. Nf3 Nf6 6. O-O Be7 7. c4 c6 8. Nc3
O-O 9. Qb3 Ne4 10. cxd5 Nxc3 11. dxc6+ 1-0

[Event "Bad Woerishofen Sen"]
[Site "Bad Woerishofen"]
[Date "2001.??.??"]
[Round "3"]
[White "Keserovic, Milan"]
[Black "Bakalarczyk, Wiodzimien"]
[Result "1-0"]
[WhiteElo "2204"]
[BlackElo "2000"]
[Annotator "ChessOrg"]
[PlyCount "51"]
[EventDate "1998.03.05"]
[Source "ChessBase"]
[SourceDate "1998.04.29"]

1. e4 c5 2. Nf3 e6 3. c3 d6 4. d4 Nd7 5. Bd3 g6 6. Bf4 Qb6 7. Na3 Qc7 8. Qa4 a6
9. O-O f6 10. b4 e5 11. Be3 Kf7 12. Nh4 Ne7 13. f4 Nb6 14. Qd1 c4 15. Be2 Bh6
16. Qd2 Rf8 17. fxe5 Bxe3+ 18. Qxe3 dxe5 19. dxe5 f5 20. Rad1 Kg7 21. Rd6 Nd7
22. exf5 Nxf5 23. Nxf5+ Rxf5 24. Rxf5 gxf5 25. Qg5+ Kh8 26. Bxc4 1-0

[Event "Bad Woerishofen Sen"]
[Site "Bad Woerishofen"]
[Date "2001.??.??"]
[Round "5"]
[White "Keserovic, Milan"]
[Black "Panic, Milisav"]
[Result "1-0"]
[WhiteElo "2204"]
[BlackElo "1700"]
[Annotator "ChessOrg"]
[PlyCount "73"]
[EventDate "1998.03.05"]
[Source "ChessBase"]
[SourceDate "1998.04.29"]

1. e4 e6 2. d4 d5 3. Nd2 c5 4. exd5 exd5 5. Bb5+ Nc6 6. Ngf3 Bd6 7. O-O Nge7 8.
dxc5 Bxc5 9. Nb3 Bd6 10. Nbd4 h6 11. c3 O-O 12. Be3 Bg4 13. Be2 Rc8 14. Qa4 Qa5
15. Qxa5 Nxa5 16. Nb5 Bb8 17. Nxa7 Bxa7 18. Bxa7 Nc4 19. Rfe1 Rc7 20. Bxc4 dxc4
21. Bb6 Rc6 22. Ne5 Rxb6 23. Nxg4 Nd5 24. Red1 Nf4 25. g3 Ng6 26. Rd2 Re8 27.
Kg2 Rc6 28. Rad1 Kh7 29. Rd7 f5 30. Ne3 Rf8 31. Rxb7 Ne5 32. f4 Nd3 33. Nxc4
Nxf4+ 34. gxf4 Rxc4 35. Rdd7 Rg8 36. Kf3 Rc6 37. a4 1-0

[Event "Bad Woerishofen Sen"]
[Site "Bad Woerishofen"]
[Date "2001.??.??"]
[Round "7"]
[White "Keserovic, Milan"]
[Black "Igney, Volkhard"]
[Result "1-0"]
[WhiteElo "2204"]
[BlackElo "2180"]
[Annotator "ChessOrg"]
[PlyCount "59"]
[EventDate "1998.03.05"]
[Source "ChessBase"]
[SourceDate "1998.04.29"]

1. e4 c6 2. d4 d5 3. Nd2 dxe4 4. Nxe4 Nd7 5. Ng5 Ngf6 6. Bd3 e6 7. Qe2 Bd6 8.
N1f3 h6 9. Ne4 Nxe4 10. Qxe4 Nf6 11. Qh4 Ke7 12. Ne5 Bxe5 13. dxe5 Qa5+ 14. c3
Qxe5+ 15. Be3 Rd8 16. O-O-O b6 17. Kb1 Bb7 18. Bd4 Qg5 19. Qh3 c5 20. Bxf6+
Qxf6 21. f4 Qxf4 22. Rhf1 Qg5 23. Rde1 Rf8 24. Rf5 Bxg2 25. Rxg5 Bxh3 26. Rg3
f5 27. Rxh3 Kf6 28. Rhe3 Rae8 29. Re5 Re7 30. Bxf5 1-0

[Event "Bad Woerishofen Sen"]
[Site "Bad Woerishofen"]
[Date "2001.??.??"]
[Round "9"]
[White "Keserovic, Milan"]
[Black "Kristiansen, Erling"]
[Result "1/2-1/2"]
[WhiteElo "2204"]
[BlackElo "2214"]
[Annotator "ChessOrg"]
[PlyCount "102"]
[EventDate "1998.03.05"]
[Source "ChessBase"]
[SourceDate "1998.04.29"]

1. e4 e5 2. Nf3 Nc6 3. Bb5 a6 4. Ba4 Bc5 5. O-O Nge7 6. Nxe5 Nxe5 7. d4 Ba7 8.
dxe5 Ng6 9. Nc3 Qe7 10. Qh5 c6 11. Kh1 Qxe5 12. Qxe5+ Nxe5 13. Bf4 d6 14. Rad1
Ke7 15. Bb3 f6 16. Bg3 Be6 17. f4 Nf7 18. Bxe6 Kxe6 19. Ne2 Rhd8 20. Nd4+ Bxd4
21. Rxd4 Rd7 22. Be1 Rad8 23. c4 b5 24. b3 c5 25. Rd3 Rb8 26. Bc3 bxc4 27. bxc4
Rdb7 28. g3 Rb1 29. Rdd1 Rxd1 30. Rxd1 g6 31. Kg2 Nd8 32. f5+ gxf5 33. exf5+
Ke7 34. Kf3 Nf7 35. Ke4 Ne5 36. Kd5 Rb6 37. h3 a5 38. g4 a4 39. Re1 Kf7 40. Re3
Rb1 41. Bxe5 Rd1+ 42. Kc6 fxe5 43. Ra3 e4 44. g5 Rd4 45. Rxa4 e3 46. Ra7+ Kf8
47. f6 Re4 48. Rxh7 Re6 49. Rh8+ Kf7 50. Rh7+ Kf8 51. Rh8+ Kf7 1/2-1/2

[Event "Bad Woerishofen Sen"]
[Site "Bad Woerishofen"]
[Date "2001.??.??"]
[Round "2"]
[White "Kies, Werner"]
[Black "Panic, Milisav"]
[Result "0-1"]
[WhiteElo "1981"]
[BlackElo "1700"]
[Annotator "ChessOrg"]
[PlyCount "99"]
[EventDate "1998.03.05"]
[Source "ChessBase"]
[SourceDate "1998.04.29"]

1. e4 c5 2. Nf3 d6 3. d4 cxd4 4. Nxd4 Nf6 5. Nc3 a6 6. Be2 e5 7. Nb3 Be6 8. Be3
Be7 9. O-O O-O 10. f4 Qc7 11. Kh1 Nbd7 12. g4 exf4 13. Bxf4 Ne5 14. h3 Rac8 15.
Nd4 b5 16. a3 Rfd8 17. g5 Nfd7 18. Nxe6 fxe6 19. h4 Nc4 20. Bxc4 Qxc4 21. Rf2
Qc6 22. Qg4 d5 23. exd5 exd5 24. Qg2 Nb6 25. Re1 Bf8 26. Rfe2 Re8 27. Be5 Qc4
28. Bg3 Rxe2 29. Rxe2 Qc6 30. Rd2 Nc4 31. Rf2 Rd8 32. Qf3 Bc5 33. Qf7+ Kh8 34.
Rf3 d4 35. Kh2 dxc3 36. b4 Bd6 37. h5 Bxg3+ 38. Kxg3 Qd6+ 39. Rf4 Qe5 40. a4
Qxg5+ 41. Kh3 h6 42. axb5 axb5 43. Rf5 Qe3+ 44. Rf3 Qe1 45. Rf1 Qe4 46. Rg1 Qe5
47. Rf1 Rd2 48. Rf4 Rd5 49. Kg3 Qg5+ 50. Rg4 0-1

[Event "Bad Woerishofen Sen"]
[Site "Bad Woerishofen"]
[Date "2001.??.??"]
[Round "4"]
[White "Kies, Werner"]
[Black "Hausner, Alfreda"]
[Result "1/2-1/2"]
[WhiteElo "1981"]
[BlackElo "1670"]
[Annotator "ChessOrg"]
[PlyCount "132"]
[EventDate "1998.03.05"]
[Source "ChessBase"]
[SourceDate "1998.04.29"]

1. e4 d5 2. exd5 Qxd5 3. Nc3 Qa5 4. d4 c6 5. Nf3 Bg4 6. Be2 Bxf3 7. Bxf3 e6 8.
Bf4 Nf6 9. O-O Be7 10. Ne4 Qd8 11. c4 O-O 12. Qd3 Nxe4 13. Bxe4 g6 14. Rad1 Nd7
15. a3 Nf6 16. Bf3 Nd7 17. b4 Qc8 18. Rfe1 Bf6 19. Bh6 Bg7 20. Bxg7 Kxg7 21. h4
h5 22. Qe3 Qc7 23. Qc3 Kh7 24. Re3 Rae8 25. g4 hxg4 26. Bxg4 Qf4 27. Rg3 Nf6
28. Be2 Ne4 29. Qe3 Nxg3 30. Qxg3 Qxg3+ 31. fxg3 Rd8 32. Kf2 Rd6 33. Ke3 Rfd8
34. Bf3 Kg7 35. g4 e5 36. d5 cxd5 37. c5 R6d7 38. a4 a6 39. Rc1 Rc7 40. g5 f5
41. gxf6+ Kxf6 42. Bg4 Rh8 43. Rf1+ Ke7 44. Rh1 Rf8 45. h5 Rh8 46. Bf3 d4+ 47.
Ke4 Kf6 48. Be2 Re7 49. Rf1+ Kg7 50. Rg1 Kf6 51. Rxg6+ Kf7 52. b5 axb5 53. axb5
Rc7 54. c6 bxc6 55. bxc6 Rhc8 56. Bc4+ Kf8 57. Bd5 Rg7 58. Rf6+ Ke7 59. Re6+
Kf8 60. h6 Rh7 61. Rg6 Rcc7 62. Kxe5 d3 63. Kd6 Rcf7 64. c7 Rd7+ 65. Kc6 Rxc7+
66. Kb6 Rcf7 1/2-1/2